Television Character/Show by Chia Pet Quiz Stats

 Plays Quiz Updated Jun 12, 2019

Score 0/16 Timer 05:00
0 Plays Today
Hint Answer % Correct
Garfield (Garfield and Friends)
96.3%
Homer Simpson (The Simpsons)
96.2%
 SpongeBob SquarePants  (SpongeBob SquarePants)
95.5%
Kermit the Frog (Sesame Street or The Muppet Show)
95.2%
Scooby-Doo (Scooby-Doo, Where Are You!)
94.6%
Winnie the Pooh (The New Adventures of Winnie the Pooh)
94%
Tweety Bird (Looney Tunes, Merrie Melodies)
93.3%
Spider-Man (Spider-Man)
90.7%
Hint Answer % Correct
Teenage Mutant Ninja Turtle (Teenage Mutant Ninja Turtles)
89.8%
Good Luck Bear (Care Bears)
82.6%
Slimer (The Real Ghostbusters)
69.7%
Bob Ross (The Joy of Painting)
63.9%
Sophia Petrillo (The Golden Girls)
60.6%
Dustin Henderson (Stranger Things)
57.4%
Rick Sanchez (Rick and Morty)
55.2%
Willie Robertson (Duck Dynasty)
54.8%

You're not logged in!

Compare scores with friends on all Sporcle quizzes.
OR
Log In

Sporcle TV

Today on Sporcle TV


Watch our educational content, quiz creation guides, and fun videos on Sporcle TV.

Show Comments

Extras

Top Quizzes Today


Score Distribution

Your Account Isn't Verified!

In order to create a playlist on Sporcle, you need to verify the email address you used during registration. Go to your Sporcle Settings to finish the process.

Report this User

Report this user for behavior that violates our Community Guidelines.

Details: